Documento firmado por el Virrey Don Antonio María Bucareli y Ursúa y Joseph de Garraez (Record no. 4867)
[ view plain ]
| 000 -CABECERA | |
|---|---|
| campo de control de longitud fija | 02168nam a2200313 a 4500 |
| 001 - NÚMERO DE CONTROL | |
| campo de control | BRCA_5173 |
| 005 - FECHA Y HORA DE LA ÚLTIMA TRANSACCIÓN | |
| campo de control | 20190320204954.0 |
| 008 - DATOS DE LONGITUD FIJA--INFORMACIÓN GENERAL | |
| campo de control de longitud fija | 241110s1772----mx-######v---#000-0#spa-# |
| 041 ## - CÓDIGO DE LENGUA | |
| Código de lengua del texto/banda sonora o título independiente | spa |
| 044 ## - CÓDIGO DEL PAÍS DE LA ENTIDAD EDITORA/PRODUCTORA | |
| Código MARC del país | mx |
| 084 ## - OTRO NÚMERO DE CLASIFICACIÓN | |
| Número de clasificación | DOC124 |
| Número de documento/Ítem | .B83 |
| -- | 1772 |
| 100 1# - ENTRADA PRINCIPAL--NOMBRE DE PERSONA | |
| Nombre de persona | Bucareli y Ursúa, Antonio María |
| Títulos y otros términos asociados al nombre | Virrey |
| Fechas asociadas al nombre | 1717-1779 |
| 9 (RLIN) | 13233 |
| 245 10 - MENCIÓN DE TÍTULO | |
| Título | Documento firmado por el Virrey Don Antonio María Bucareli y Ursúa y Joseph de Garraez |
| Mención de responsabilidad, etc. | Antonio María Bucareli y Ursúa, Joseph de Garraez. |
| 260 ## - PUBLICACIÓN, DISTRIBUCIÓN, ETC. | |
| Lugar de publicación, distribución, etc. | México |
| Fecha de publicación, distribución, etc. | 1772 |
| 300 ## - DESCRIPCIÓN FÍSICA | |
| Extensión | [1] foja |
| Dimensiones | 31 x 42 cm |
| 500 ## - NOTA GENERAL | |
| Nota general | Documento firmado el 15 de diciembre de 1772 |
| 500 ## - NOTA GENERAL | |
| Nota general | Bando original dado y firmado por el Virrey Don Antonio María Bucareli y Ursúa en México, en el que prohibe en forma definitiva el comercio del ´chinguirito´ imponiendo severos castigos para sus contraventores |
| 500 ## - NOTA GENERAL | |
| Nota general | El documento contiene la leyenda DOC. #292 |
| 500 ## - NOTA GENERAL | |
| Nota general | Papel con marca de agua |
| 500 ## - NOTA GENERAL | |
| Nota general | Al margen sellos con escudo español e inscripción: SELLO QUARTO UN CUARTILLO, AÑOS DE MIL SETECIENTOS Y SETENTA Y SETENTA Y UNO. -- ESCUDO DE LAROLUS III DGM AÑOS 1772. REY DE ESPAÑA. -- lEYENDA: FREY DON ANTONIO MARÍA BUCARELI Y URSÚA, HENESTROSA LAFO DE LA VEGA, VILLACIS Y CORDOVA, Caballero comendador de la bobeda. -- Toro en el Orden de San Juan, Teniente General de los Reales Ejércitos de su Virrey Governador y Capitán General de esta Nueva España, Presidente de su Real Audiencia Superintendente General de la Real Hacienda y Ramo de Tabaco, Juez conservador de este, presidente de su Junta y Subdelegado General de la Renta de Correos en el mismo Reyno |
| 500 ## - NOTA GENERAL | |
| Nota general | Estado de conservación: contiene manchas de acidificación, roturas y dobleces, tiene lagunas por polilla |
| 506 0# - NOTA DE RESTRICCIONES AL ACCESO | |
| Limitaciones de acceso | Fondo reservado: para su consulta es necesario credencial de usuario y carta de motivos |
| 546 ## - NOTA DE LENGUA/LENGUAJE | |
| Nota de lengua/lenguaje | Texto en: español de finales del siglo XVIII |
| 600 14 - PUNTO DE ACCESO ADICIONAL DE MATERIA--NOMBRE DE PERSONA | |
| Nombre de persona | Bucareli y Ursúa, Antonio María |
| Títulos y otros términos asociados al nombre | Virrey |
| Fechas asociadas al nombre | 1717-1779 |
| 9 (RLIN) | 13233 |
| 650 14 - PUNTO DE ACCESO ADICIONAL DE MATERIA--TÉRMINO DE MATERIA | |
| Término de materia o nombre geográfico como elemento de entrada | Documentos legales |
| Subdivisión de forma | Impreso con rúbricas |
| Subdivisión general | Historia |
| Subdivisión cronológica | Colonia, 1521-1821 |
| Subdivisión geográfica | México |
| 9 (RLIN) | 13234 |
| 700 1# - PUNTO DE ACCESO ADICIONAL--NOMBRE DE PERSONA | |
| Nombre de persona | Garraez, Joseph de |
| 9 (RLIN) | 13235 |
| 902 ## - CATALOGADOR | |
| Iniciales | FDH |
| 942 ## - ELEMENTOS DE PUNTO DE ACCESO ADICIONAL (KOHA) | |
| Fuente del sistema de clasificación o colocación | Library of Congress Classification |
| Tipo de ítem Koha | Documentos |
| Estado de retiro | Estado de pérdida | Estado dañado | No para préstamo | Localización permanente | Ubicación/localización actual | Fecha de adquisición | Total de préstamos | Signatura topográfica completa | Código de barras | Fecha visto por última vez | Precio válido a partir de | Tipo de ítem Koha |
|---|---|---|---|---|---|---|---|---|---|---|---|---|
| El ejemplar forma parte de la colección y puede ser consultado según las políticas vigentes. | Biblioteca del Museo Franz Mayer (Rogerio Casas-Alatriste) | Biblioteca del Museo Franz Mayer (Rogerio Casas-Alatriste) | 24/11/2010 | DOC124 .B83 1772 | 5517 | 22/03/2019 | 22/03/2019 | Documentos |